02823nam a2200505 a 450000500170000000800410001702000180005804100080007609200170008424500740010125000110017526000500018630000270023650001260026365300180038965300170040765300240042465300170044865300180046565300160048365300190049965300210051865300190053965300170055865300190057565300190059465300270061365300160064065300180065665300140067465300360068870000460072470000340077070000360080470000370084070000470087770000280092494200120095299900150096495202330097995202870121295202750149995202780177495202650205220250806092751.0100930e2019||||ag a f |||| 001 0 spa d a9789871639984 aspa c616l51sMED aMedicina interna de todos los días /cMaría de las Mercedes Magaz a2a ed. aBuenos Aires: bdelhospital ediciones;c2019. a592 p.bil.c18x14 cm. aMagaz, M. de las M. et al. (2019). Medicina interna de todos los días. (2a ed.). Buenos Aires : delhospital ediciones. aCardiología aNeumología aGastroenterología aNefrología aHematología aOncología aInfectología aEndocrinología aReumatología aNeurología aDermatología aOftalmología aOtorrinolaringología aNutrición aToxicología aAnalgesia aAbordaje del paciente crítico1 aMagaz, María de las MerdeceseEd.934351 aBinder, Fernando. eEd.943461 aBonella, María Belén.943471 aSujodoles Gazzaro, Laila. 943481 aMoreno Rodríguez, Rocío Celeste.943491 aUssher, Patricio.94350 2ddccBK c3300d3300 00102ddc4070aBFMbBFMcCRd2025-07-30eReemplazo de ejemplar, por Joaquín Arias. Junio 2025.l2m1o616 51 MEDp4092r2025-11-26s2025-11-11tEj. 1w2025-08-06yBKzReemplazo de ejemplar, por Joaquín Arias. Junio 2025.f 00102ddc4070aBFMbBFMcCRd2025-07-30eDonación Asociación Neuquina de Anestesia - ANAAR, Julio 2025.g38000.00l4o616 51 MEDp5078q2026-06-05r2026-05-28s2026-05-28tEj. 4w2025-08-06yBKzDonación Asociación Neuquina de Anestesia - ANAAR, Julio 2025. Sede Tordos.f 00102ddc4070aBFMbBFMcCRd2025-07-30eDonación Asociación Neuquina de Anestesia - ANAAR, Julio 2025.g38000.00l2o616 51 MEDp5079r2026-04-24s2026-04-06tEj. 5w2025-08-06yBKzDonación Asociación Neuquina de Anestesia - ANAAR, Julio 2025. Sede Tordos.f 00102ddc4070aBFMbBFMcCRd2025-07-30eDonación Asociación Neuquina de Anestesia - ANAAR, Julio 2025.g38000.00l3m1o616 51 MEDp5080r2026-04-10s2026-03-26tEj. 6w2025-08-06yBKzDonación Asociación Neuquina de Anestesia - ANAAR, Julio 2025. Sede Tordos.f 00102ddc4070aBFMbBFMcCRd2025-07-30eDonación Asociación Neuquina de Anestesia - ANAAR, Julio 2025.g38000.00l4m1o616 51 MEDp5081r2025-11-27s2025-11-10tEj. 7w2025-08-06yBKzDonación Asociación Neuquina de Anestesia - ANAAR, Julio 2025.f